Зоопарк - территория комфорта для животных и людей (Запись № 12505335)

Подробности
000 -МАРКЕР
контрольное поле 02141nam0a2200361 4500
001 - ИДЕНТИФИКАТОР ЗАПИСИ
контрольное поле RU\NLR\BIBL_A\012575608
005 - ИДЕНТИФИКАТОР ВЕРСИИ
контрольное поле 20231031164118.0
010 ## - МЕЖДУНАРОДНЫЙ СТАНДАРТНЫЙ НОМЕР КНИГИ (ISBN)
Номер (ISBN) 978-5-6044611-8-1
Тираж 200
021 ## - НОМЕР ГОСУДАРСТВЕННОЙ РЕГИСТРАЦИИ
Код страны Российская Федерация
Номер КН-П-21-021922
Номер Листа государственной регистраци КН-П-21-1707
035 ## - ДРУГИЕ СИСТЕМНЫЕ НОМЕРА
Идентификатор записи (NLR Aleph) 012575608
100 ## - ДАННЫЕ ОБЩЕЙ ОБРАБОТКИ
Данные общей обработки 20210805d2020 k y0rusy50 ca
101 0# - ЯЗЫК РЕСУРСА
Язык текста, звукозаписи и т.д. русский
102 ## - СТРАНА ПУБЛИКАЦИИ ИЛИ ПРОИЗВОДСТВА
Страна публикации Российская Федерация
105 ## - ПОЛЕ КОДИРОВАННЫХ ДАННЫХ: ТЕКСТОВЫЕ МАТЕРИАЛЫ, МОНОГРАФИЧЕСКИЕ
Кодированные данные о монографическом текстовом документе a z 100yy
181 #0 - ПОЛЕ КОДИРОВАННЫХ ДАННЫХ: ВИД СОДЕРЖАНИЯ
Код вида содержания (ISBD) i
Код характеристики содержания (ISBD) axxe
182 #0 - ПОЛЕ КОДИРОВАННЫХ ДАННЫХ: ТИП СРЕДСТВА
Код типа средства (ISBD) n - непосредственное
200 1# - ЗАГЛАВИЕ И СВЕДЕНИЯ ОБ ОТВЕТСТВЕННОСТИ
Основное заглавие Зоопарк - территория комфорта для животных и людей
Сведения, относящиеся к заглавию материалы Международной научно-практической конференции, апрель 2020-2021 гг.
Первые сведения об ответственности Министерство культуры Удмуртской Республики, Бюджетное учреждение культуры "Государственный зоологический парк Удмуртии"
Последующие сведения об ответственности редакторы: Ю.А. Рубцов [и др.]
203 ## - ВИД СОДЕРЖАНИЯ И ТИП СРЕДСТВА
Вид содержания Текст
Дополнительные сведения об издании визуальный
Тип средства непосредственный
210 ## - ПУБЛИКАЦИЯ, РАСПРОСТРАНЕНИЕ И ДР.
Место издания, распространения и т.д. Ижевск
Имя издателя, распространителя и т. д. АМБ
Дата издания, распространения и т.д. 2020
215 ## - ФИЗИЧЕСКАЯ ХАРАКТЕРИСТИКА
Специфическое обозначение материала и объем 224 с., [13] л. ил., цв. ил.
Другие сведения о физической характеристике ил.
Размеры 20
320 ## - ПРИМЕЧАНИЯ О НАЛИЧИИ В ДОКУМЕНТЕ БИБЛИОГРАФИИ / УКАЗАТЕЛЯ
Текст примечания Библиогр. в конце докл.
606 1# - НАИМЕНОВАНИЕ ТЕМЫ КАК ПРЕДМЕТ
Наименование темы Зоологические парки
Формальный подзаголовок Съезды, совещания и т.п
Тематический подзаголовок Научно-исследовательская работа
Системный номер авторитетной/нормативной записи 2064384
Идентификатор авторитетной/нормативной записи RU\NLR\AUTH\661238865
686 1# - ИНДЕКСЫ ДРУГИХ КЛАССИФИКАЦИЙ
Индекс Е6е(0)л64я431(0)
702 #1 - ИМЯ ЛИЦА - ВТОРИЧНАЯ ОТВЕТСТВЕННОСТЬ
Начальный элемент ввода Рубцов
Часть имени, кроме начального элемента ввода Ю.А.
Расширение инициалов личного имени Юрий Алексеевич
Код отношения Редактор
711 12 - НАИМЕНОВАНИЕ ОРГАНИЗАЦИИ - АЛЬТЕРНАТИВНАЯ ОТВЕТСТВЕННОСТЬ
Начальный элемент ввода "Зоопарк - территория комфорта для животных и людей", международная научно-практическая конференция
Место проведения временной организации Ижевск
Дата проведения временной организации 2020-2021
Системный номер авторитетной/нормативной записи 762715
Идентификатор авторитетной/нормативной записи RU\NLR\AUTH\880548633
712 02 - НАИМЕНОВАНИЕ ОРГАНИЗАЦИИ - ВТОРИЧНАЯ ОТВЕТСТВЕННОСТЬ
Код отношения Организатор конференции
Начальный элемент ввода Государственный зоологический парк Удмуртии
Идентифицирующий признак Ижевск
Системный номер авторитетной/нормативной записи 864575
Идентификатор авторитетной/нормативной записи RU\NLR\AUTH\880599815
942 ## - ДОПОЛНИТЕЛЬНЫЕ ЭЛЕМЕНТЫ ЗАПИСИ (АБИС)
Тип экземпляра АБИС Книга
980 ## - КОЛЛЕКЦИЯ
Название коллекции НБР
980 ## - КОЛЛЕКЦИЯ
Название коллекции Национальная библиография

Нет доступных экземпляров.